00496nam a2200169Ia 450000500170000000800410001702000150005808200130007324500180008626000520010430000130015665000180016970000230018794200060021095200950021699900150031120250703011805.0240331s9999 xx 000 0 und d a9559180065 bMULa400 0aMulikaSinhala aColombobDepartment of Official Languagec1993 a191 p ., aBasic Sinhala aRajya Basha. eedt cL 001040708LaWERCLbWERCLcSSCd2024-03-31l0o 400 MULp3873r2024-03-31w2024-03-31yL c3033d3033